El grito de la conciencia (Record no. 156750)

MARC details
000 -LEADER
campo de control de longitud fija 00949nam a22001815i 4500
001 - NÚMERO DE CONTROL
campo de control 156750
003 - IDENTIFICADOR DE NÚMERO DE CONTROL
campo de control ES-MaACL
005 - FECHA Y HORA DE LA ÚLTIMA TRANSACCIÓN
campo de control 20230906210504.0
008 - DATOS DE LONGITUD FIJA--INFORMACIÓN GENERAL
campo de control de longitud fija 020227s1862 sp |||| | spa d
040 ## - FUENTE DE CATALOGACIÓN
Centro catalogador/agencia de origen CAM
Lengua de catalogación spa
Centro/agencia transcriptor CAM
100 1# - ENTRADA PRINCIPAL--NOMBRE DE PERSONA
Nombre de persona Labaila, Jacinto.
9 (RLIN) 128535
245 13 - MENCIÓN DEL TÍTULO
Título El grito de la conciencia
Resto del título : drama en tres actos /
Mención de responsabilidad, etc. arreglado al teatro español por Jacinto Labaila.
260 ## - PUBLICACIÓN, DISTRIBUCIÓN, ETC.
Lugar de publicación, distribución, etc. Madrid :
Nombre del editor, distribuidor, etc. [s.n.],
Fecha de publicación, distribución, etc. 1862 (
Fabricante Imprenta de José Rodriguez)
300 ## - DESCRIPCIÓN FÍSICA
Extensión 46 [i.e. 45] p. ;
Dimensiones 20 cm.
500 #1 - NOTA GENERAL
Nota general Representada en el teatro de la Princesa de Valencia, en enero de 1862, á beneficio de Ricardo Reig.
596 #1 - NOTA AL PIE DE IMPRENTA
NOTA AL PIE DE IMPRENTA En verso de port. consta: "... de la Galería dramática y lírica titulada El Teatro ..."
852 ## - LOCALIZACIÓN
Ubicación ES-MaACL
Número de control de estantería F-8553(8)
Nota libre -- Enc. pasta española
-- -- Dedicatoria ms. del autor a Juan López
condición física -- Falto de la cub. orignal
Nota libre -- Enc. en un vol. facticio formando parte de la col. facticia "Teatro español moderno", v. 5
Holdings
Estatus retirado Estado de pérdida Estado de daño No para préstamo Colección Biblioteca de origen Biblioteca actual Ubicación en estantería Fecha de adquisición Total de préstamos Signatura topográfica completa Código de barras Visto por última vez Precio de reemplazo Tipo de ítem Koha
        Libros del s. XIX Biblioteca del Ateneo de Madrid Biblioteca del Ateneo de Madrid Sala Pecera Planta 2 17/01/2008   F-8553(8) 1163996 23/02/2023 23/02/2023 Libro impreso antiguo